MARC details
| 000 -CABECERA |
| campo de control de longitud fija |
01720nam a2200277 a 4500 |
| 003 - IDENTIFICADOR DEL NÚMERO DE CONTROL |
| campo de control |
MX-MxUPN |
| 005 - FECHA Y HORA DE LA ÚLTIMA TRANSACCIÓN |
| campo de control |
20240925065213.0 |
| 008 - ELEMENTOS DE LONGITUD FIJA--INFORMACIÓN GENERAL |
| campo de control de longitud fija |
200123s1989 mx r 000 0 spa d |
| 020 ## - NÚMERO INTERNACIONAL NORMALIZADO PARA LIBROS |
| Número Internacional Estándar del Libro |
9684761198 |
| 035 ## - NÚMERO DE CONTROL DEL SISTEMA |
| Número de control de sistema |
UPN01000235085 |
| 040 ## - FUENTE DE LA CATALOGACIÓN |
| Centro catalogador/agencia de origen |
MX-MxUPN |
| Lengua de catalogación |
spa |
| Centro/agencia transcriptor |
MX-MxUPN |
| 041 0# - CÓDIGO DE IDIOMA |
| Código de lengua del texto/banda sonora o título independiente |
spa |
| 050 14 - SIGNATURA TOPOGRÁFICA DE LA BIBLIOTECA DEL CONGRESO |
| Número de clasificación |
RC454 |
| Número de documento/Ítem |
A56 1989 |
| 245 00 - MENCIÓN DE TÍTULO |
| Título |
Alternativas a la psiquiatría y a la psicología social |
| 250 ## - MENCIÓN DE EDICIÓN |
| Mención de edición |
Primera edición corregida. |
| 260 ## - PUBLICACIÓN, DISTRIBUCIÓN, ETC. |
| Lugar de publicación, distribución, etc. |
México, D.F. : |
| Nombre del editor, distribuidor, etc. |
Fontamara, |
| Fecha de publicación, distribución, etc. |
1989. |
| 300 ## - DESCRIPCIÓN FÍSICA |
| Extensión |
381 páginas |
| 490 0# - MENCIÓN DE SERIE |
| Mención de serie |
Rompan filas ; |
| Designación de volumen o secuencia |
6 |
| 505 0# - NOTA DE CONTENIDO CON FORMATO PREESTABLECIDO |
| Título |
Introducción al Dossier México sobre alternativas a la psiquiatría -- |
| -- |
La otra psicología -- |
| -- |
Psicocirugía y seguridad nacional -- |
| -- |
Impugna conceptos del Dr. Saxe Fernández --La psicocirugía y lo tendencioso -- |
| -- |
La psiquiatría y la psicocirugía como instrumento de represión -- |
| -- |
Una temporada en el infierno -- |
| -- |
La Granja -- |
| -- |
La desprotección legal de los enfermos mentales -- |
| -- |
En jaulas de tigres -- |
| -- |
Enfermos mentales donde había gallinas -- |
| -- |
En la granja psiquiátrica "Ramírez Moreno -- |
| -- |
Los trabajadores de los CIJ SITRASAM-CIJ -- |
| -- |
A los trabajadores de salud mental -- |
| -- |
Locura mexicana -- |
| -- |
Pabellón de castigo -- |
| -- |
Drogas, electroshocks y lobotomías -- |
| -- |
En hospitales psiquiátricos -- |
| -- |
Señalan un atroz caos en el psiquiátrico Fray Bernardino -- |
| -- |
Los manicomios, lugares tétricos y sombríos -- |
| -- |
En su ignorancia, el médico responde con la represión al mal mental. |
| 650 #7 - ASIENTO SECUNDARIO DE MATERIA - TERMINO TEMATICO |
| Término de materia o nombre geográfico como elemento de entrada |
Hospitales psiquiátricos |
| Subdivisión general |
Aspectos sociológicos |
| Fuente del encabezamiento o término |
|
| 9 (RLIN) |
47011 |
| 650 #4 - ASIENTO SECUNDARIO DE MATERIA - TERMINO TEMATICO |
| Término de materia o nombre geográfico como elemento de entrada |
Psiquiatría |
| 9 (RLIN) |
10046 |
| 650 #4 - ASIENTO SECUNDARIO DE MATERIA - TERMINO TEMATICO |
| Término de materia o nombre geográfico como elemento de entrada |
Psicología social |
| 9 (RLIN) |
5889 |
| 700 1# - ASIENTO SECUNDARIO--NOMBRE DE PERSONAL |
| Nombre de persona |
Gomezjara, Francisco A., |
| Fechas asociadas al nombre |
1939-2001 |
| 9 (RLIN) |
30935 |
| Término indicativo de función/relación |
editor |
| 942 ## - ELEMENTOS DE PUNTO DE ACCESO ADICIONAL (KOHA) |
| Fuente del sistema de clasificación o colocación |
Library of Congress Classification |
| Tipo de ítem Koha |
Libro |